Я промыла судьбы избу. [Кн. 5: В нежности душевного разлада (Запись № 640258)

Подробности
000 -МАРКЕР
контрольное поле 01549nam2a2200289 4500
001 - ИДЕНТИФИКАТОР ЗАПИСИ
контрольное поле RU\NLR\bibl\417890
005 - ИДЕНТИФИКАТОР ВЕРСИИ
контрольное поле 20260607070438.0
010 ## - МЕЖДУНАРОДНЫЙ СТАНДАРТНЫЙ НОМЕР КНИГИ (ISBN)
Номер (ISBN) 5-8125-0005-3
Тираж 150
021 ## - НОМЕР ГОСУДАРСТВЕННОЙ РЕГИСТРАЦИИ
Код страны Российская Федерация
Номер 2011-93329
Номер Листа государственной регистраци 6685
035 ## - ДРУГИЕ СИСТЕМНЫЕ НОМЕРА
Идентификатор записи (NLR Aleph) 000411871
100 ## - ДАННЫЕ ОБЩЕЙ ОБРАБОТКИ
Данные общей обработки 20030709d1999 |||y0rusy50 ca
101 0# - ЯЗЫК РЕСУРСА
Язык текста, звукозаписи и т.д. русский
102 ## - СТРАНА ПУБЛИКАЦИИ ИЛИ ПРОИЗВОДСТВА
Страна публикации Российская Федерация
105 ## - ПОЛЕ КОДИРОВАННЫХ ДАННЫХ: ТЕКСТОВЫЕ МАТЕРИАЛЫ, МОНОГРАФИЧЕСКИЕ
Кодированные данные о монографическом текстовом документе y |||||||||
200 1# - ЗАГЛАВИЕ И СВЕДЕНИЯ ОБ ОТВЕТСТВЕННОСТИ
Основное заглавие В нежности душевного разлада
Сведения, относящиеся к заглавию (Духов. искания)]
210 ## - ПУБЛИКАЦИЯ, РАСПРОСТРАНЕНИЕ И ДР.
Дата издания, распространения и т.д. 1999
Место издания, распространения и т.д. Б. м.
215 ## - ФИЗИЧЕСКАЯ ХАРАКТЕРИСТИКА
Специфическое обозначение материала и объем 178 с.
327 1# - ПРИМЕЧАНИЯ О СОДЕРЖАНИИ
Текст примечания Содерж.: Циклы: Страданьем дорог сердца... лепесток?; Черный рояль - разноцветные розы; Я вся построена на рисках?!; Возникну я... в солнечном свете?!; Дагестанского сердца кантата?!; Власть - поэзия, но... не тщеславья спор!
461 #0 - УРОВЕНЬ НАБОРА
Встроенное поле 001RU\NLR\bibl\66078
-- 2001#$aЯ промыла судьбы избу$v[Кн. 5
Системный номер (АБИС) связанной записи 352748
Автор Шелонникова, Г. А.
Место публикации Тула
Дата публикации 1997
Первые сведения об ответственности Галина Шелонникова
Имя издателя, распространителя и т.д. ТППО
Сведения, относящиеся к заглавию (Поэт. повесть в 5 кн.)
Заглавие Я промыла судьбы избу
Номер тома [Кн. 5
512 1# - ЗАГЛАВИЕ ОБЛОЖКИ
Связь между полями z12790
Заглавие обложки В нежности душевного разлада
790 #1 - ИМЯ ЛИЦА - АЛЬТЕРНАТИВНАЯ ФОРМА
Код отношения Автор
Графика поля Кириллица
Материалы, к которым относится поле rus
Начальный элемент ввода Шелонникова
Часть имени, кроме начального элемента ввода Г. А.
Расширение инициалов личного имени Галина Алексеевна
Системный номер авторитетной/нормативной записи 125059
Идентификатор авторитетной/нормативной записи RU\NLR\auth\7715408
801 #0 - ИСТОЧНИК ЗАПИСИ
Страна Российская Федерация
Организация NLR
Дата составления 20030709
Правила каталогизации PSBO
801 #1 - ИСТОЧНИК ЗАПИСИ
Страна Российская Федерация
Организация NLR
Дата составления 20030709
942 ## - ДОПОЛНИТЕЛЬНЫЕ ЭЛЕМЕНТЫ ЗАПИСИ (АБИС)
Тип экземпляра АБИС Книга
980 ## - КОЛЛЕКЦИЯ
Название коллекции Национальная библиография
Экземпляры
Тип экземпляра Дата поступления Источник поступления Библиотека постоянного хранения Библиотека текущего хранения Место хранения Шифр хранения Штрих-код Статус экземпляра
Книга 09.07.2003 Дар РНБ (Московский) РНБ (Московский) Русский книжный фонд: издания с 1957 года 96-3/117 514345  
Книга 14.12.2011 Обязательный экземпляр РНБ (Московский) РНБ (Московский) Русский книжный фонд: издания с 1957 года 96-3/117 3557693